000 00902nam a22003017a 4500
003 CHAP
005 20220329140645.0
008 971013s1978 r 00010 d
010 _a55479
011 _a56451
035 _a60604
040 _cCHAP
082 _a575.0162
_bS2Y
110 _aScientific American
_9103326
245 _aEcología, evolución y biología de poblaciones
260 _aBarcelona :
_bOmega,
_c1978
300 _a319 p.
_b: ilus. ; gráfs.
590 _aBATCH-UPD
_b10
_c20130110
_lUCH01
_h1804
590 _aBATCH-UPD
_b10
_c20130410
_lUCH01
_h1139
590 _aBATCH-UPD
_b10
_c20130914
_lUCH01
_h1228
590 _aCONVERSION
_b10
_c20130109
_lUCH01
_h1330
650 1 4 _aEcología.
_935134
650 1 4 _aEcosistema.
_935290
650 1 4 _aEvolución.
_939007
901 _aBK
942 _cLIBRO
949 _a575.0162 S2Y
_bBC
_cLIBRO
_d33724002015181
_eLIBRO
_h46821
_i60604
_si
999 _c55479
_d55479